000 00411ntaaa2200169 4500
003 01
005 20251027201035.0
008 0714s1973 ag 01
040 _aAR-BaBN
_bspa
_cAR-BaBN
_eaacr
_dRIC
082 _a155.6 B54a
100 _aBischof, Ledford J.
_97679
245 _aAdult psychology /
_cLedford J. Bischof
250 _a2 ed.
300 _a430 p.
650 _aAdultos-PsicologĂ­a
_97059
942 _cBK
999 _c4519
_d4519